书目信息 |
| 题名: |
寒地城市环境的宜居性研究
|
|
| 作者: | 冷红 著 | |
| 分册: | ||
| 出版信息: | 北京 中国建筑工业出版社 2009.04 |
|
| 页数: | 250页 | |
| 开本: | 26cm | |
| 丛书名: | ||
| 单 册: | ||
| 中图分类: | TU984 | |
| 科图分类: | ||
| 主题词: | 寒带--han dai--城市规划--研究 | |
| 电子资源: | ||
| ISBN: | 978-7-112-10794-0 | |
| 000 | 00870nam0 2200217 450 | |
| 001 | 012009135004 | |
| 005 | 20220915093520.27 | |
| 010 | @a978-7-112-10794-0@dCNY69.00 | |
| 100 | @a20090923d2009 em y0chiy0120 ea | |
| 101 | 0 | @achi |
| 102 | @aCN@b110000 | |
| 105 | @aac z 000yy | |
| 200 | 1 | @a寒地城市环境的宜居性研究@Ahan di cheng shi huan jing de yi ju xing yan jiu@f冷红著@Fleng hong zhu |
| 210 | @a北京@c中国建筑工业出版社@d2009.04 | |
| 215 | @a250页@c图, 肖像@d26cm | |
| 330 | @a本书立足于中国的国情,系统地分析了气候特征对北方寒冷地区城市宜居性产生的影响,总结了国际的成功经验并进一步对国内外寒地城市环境的不同建设背景进行比较,提出中国寒地城市环境宜居性建设面临的困扰和机遇。 | |
| 606 | 0 | @a寒带@Ahan dai@x城市规划@x研究 |
| 690 | @aTU984@v4 | |
| 701 | 0 | @a冷红@Aleng hong@4著 |
| 801 | 0 | @aCN@b河南城建学院图书馆@c20090923 |
| 905 | @b758156-60@dTU984@eL098@f5 | |
| 寒地城市环境的宜居性研究/冷红著.-北京:中国建筑工业出版社,2009.04 |
| 250页:图, 肖像;26cm |
| ISBN 978-7-112-10794-0:CNY69.00 |
| 本书立足于中国的国情,系统地分析了气候特征对北方寒冷地区城市宜居性产生的影响,总结了国际的成功经验并进一步对国内外寒地城市环境的不同建设背景进行比较,提出中国寒地城市环境宜居性建设面临的困扰和机遇。 |
| ● |
| 相关链接 |
|
|
|
正题名:寒地城市环境的宜居性研究
索取号:TU984/L098
 
预约/预借
| 序号 | 登录号 | 条形码 | 馆藏地/架位号 | 状态 | 备注 |
| 1 | 1242293 | 212422939 | 建筑与城市规划学院资料室/ [索取号:TU984/L098] | 在馆 | |
| 2 | 1242294 | 212422948 | 建筑与城市规划学院资料室/ [索取号:TU984/L098] | 在馆 | |
| 3 | 1242295 | 212422957 | 建筑与城市规划学院资料室/ [索取号:TU984/L098] | 在馆 | |
| 4 | 1242296 | 212422966 | 建筑与城市规划学院资料室/ [索取号:TU984/L098] | 在馆 | |
| 5 | 1242297 | 212422975 | 建筑与城市规划学院资料室/ [索取号:TU984/L098] | 在馆 | |
| 6 | 1242298 | 212422984 | 建筑与城市规划学院资料室/ [索取号:TU984/L098] | 在馆 | |
| 7 | 1242299 | 212422993 | 建筑与城市规划学院资料室/ [索取号:TU984/L098] | 在馆 | |
| 8 | 1242300 | 212423000 | 建筑与城市规划学院资料室/ [索取号:TU984/L098] | 在馆 | |
| 9 | 1242301 | 212423019 | 建筑与城市规划学院资料室/ [索取号:TU984/L098] | 在馆 | |
| 10 | 1242302 | 212423028 | 建筑与城市规划学院资料室/ [索取号:TU984/L098] | 在馆 | |
| 11 | 1281738 | 212817380 | 建筑与城市规划学院资料室/ [索取号:TU984/L098] | 在馆 | |
| 12 | 1300569 | 213005692 | 建筑与城市规划学院资料室/201建筑库 63排1列4层/ [索取号:TU984/L098] | 在馆 | |
| 13 | 1300570 | 213005709 | 建筑与城市规划学院资料室/201建筑库 63排1列4层/ [索取号:TU984/L098] | 在馆 | |
| 14 | 1448842 | 214488428 | 建筑库201/201建筑库 60排3列1层/ [索取号:TU984/L098] | 在馆 | |
| 15 | 1448844 | 214488446 | 建筑与城市规划学院资料室/201建筑库 63排1列4层/ [索取号:TU984/L098] | 在馆 | |
| 16 | 1448845 | 214488455 | 建筑库201/201建筑库 60排3列1层/ [索取号:TU984/L098] | 在馆 | |
| 17 | 1448846 | 214488464 | 建筑与城市规划学院资料室/201建筑库 63排1列4层/ [索取号:TU984/L098] | 在馆 | |
| 18 | 1448847 | 214488473 | 建筑与城市规划学院资料室/201建筑库 63排1列4层/ [索取号:TU984/L098] | 在馆 | |
| 19 | 1503702 | 215037029 | 建筑与城市规划学院资料室/ [索取号:TU984/L098] | 在馆 | |
| 20 | 1503703 | 215037038 | 建筑与城市规划学院资料室/ [索取号:TU984/L098] | 在馆 | |
| 21 | 758156 | 207581561 | 建筑与城市规划学院资料室/101建筑库 85排2列3层/ [索取号:TU984/L098] | 在馆 | |
| 22 | 758157 | 207581570 | 土木与交通工程学院资料室/土木与交通学院资料室 1排1列1层/ [索取号:TU984/L098] | 在馆 | |
| 23 | 758158 | 207581589 | 建筑与城市规划学院资料室/101建筑库 85排2列3层/ [索取号:TU984/L098] | 在馆 | |
| 24 | 758159 | 207581598 | 建筑与城市规划学院资料室/501自科库 33排4列5层/ [索取号:TU984/L098] | 在馆 | |
| 25 | 758160 | 207581605 | 土木与交通工程学院资料室/土木与交通学院资料室 1排1列1层/ [索取号:TU984/L098] | 在馆 |